ARRUPE JESUIT UNIVERSITY

CORONAVIRUS -STOP THE SPREAD - CLEAN,DISINFECT,COVER

The battle of Elandslaagte, 21 October 1899 / (Record no. 120554)

MARC details
000 -LEADER
fixed length control field 00977cam a2200313 a 4500
001 - CONTROL NUMBER
control field 2323385
003 - CONTROL NUMBER IDENTIFIER
control field ARRUPE
005 - DATE AND TIME OF LATEST TRANSACTION
control field 20140520142105.0
008 - FIXED-LENGTH DATA ELEMENTS--GENERAL INFORMATION
fixed length control field 990527s1999 sa ab b 000 0 eng
010 ## - LIBRARY OF CONGRESS CONTROL NUMBER
LC control number 99210472
020 ## - INTERNATIONAL STANDARD BOOK NUMBER
International Standard Book Number 0869754815
035 ## - SYSTEM CONTROL NUMBER
System control number (OCoLC)ocm44877323
035 ## - SYSTEM CONTROL NUMBER
System control number (NNC)2323385
040 ## - CATALOGING SOURCE
Original cataloging agency DLC
Transcribing agency DLC
Modifying agency DLC
043 ## - GEOGRAPHIC AREA CODE
Geographic area code f-sa---
050 00 - LIBRARY OF CONGRESS CALL NUMBER
Classification number SPC DT1908.E43
Item number M37 1999
082 00 - DEWEY DECIMAL CLASSIFICATION NUMBER
Classification number 968.04/84
Edition number 21
300 ## - PHYSICAL DESCRIPTION
Other physical details ill., col. maps ;
Dimensions 24 cm.
100 1# - MAIN ENTRY--PERSONAL NAME
Personal name McFadden, Pam.
9 (RLIN) 10407
245 14 - TITLE STATEMENT
Title The battle of Elandslaagte, 21 October 1899 /
Statement of responsibility, etc Pam McFadden.
260 ## - PUBLICATION, DISTRIBUTION, ETC. (IMPRINT)
Place of publication, distribution, etc Randburg :
Name of publisher, distributor, etc Ravan Press,
Date of publication, distribution, etc 1999.
300 ## - PHYSICAL DESCRIPTION
Extent iv, 44 p. :
490 1# - SERIES STATEMENT
Series statement Battles of the Anglob-sBoer War
504 ## - BIBLIOGRAPHY, ETC. NOTE
Bibliography, etc Includes bibliographical references (p. 43).
650 #0 - SUBJECT ADDED ENTRY--TOPICAL TERM
Topical term or geographic name as entry element Elandslaagte, Battle of, Elandslaagte, South Africa, 1899.
9 (RLIN) 10408
830 #0 - SERIES ADDED ENTRY--UNIFORM TITLE
Uniform title Battles of the Anglo-Boer War.
9 (RLIN) 10409
942 ## - ADDED ENTRY ELEMENTS (KOHA)
Source of classification or shelving scheme Library of Congress Classification
Koha item type Monograph ( Printed materials)
948 2# - LOCAL PROCESSING INFORMATION (OCLC); SERIES PART DESIGNATOR (RLIN)
Series part designator, SPT (RLIN) 20120601
b (OCLC) a
c (OCLC) ks26
d (OCLC) MPS
Holdings
Withdrawn status Lost status Source of classification or shelving scheme Damaged status Not for loan Collection code Home library Current library Shelving location Date acquired Total Checkouts Full call number Barcode Date last seen Price effective from Koha item type
    Library of Congress Classification     Main Collection ARRUPE LIBRARY ARRUPE LIBRARY Main Collection 20/05/2014   SPC DT1908.E43 M37 1999 46500001533 20/05/2014 20/05/2014 Monograph ( Printed materials)

 

Arrupe Library. PO Box MP320 Mt Pleasant, Harare, Zimbabwe
263 242 745411|librarian@aju.ac.zw